Bạn cần làm gì khi mắc bệnh tim
Zapisane w:
| 1. autor: | |
|---|---|
| Format: | Książka |
| Język: | Undetermined |
| Wydane: |
Hà Nội
Y Học
2004
|
| Hasła przedmiotowe: | |
| Etykiety: |
Dodaj etykietę
Nie ma etykietki, Dołącz pierwszą etykiete!
|
| Thư viện lưu trữ: | Trung tâm Học liệu Trường Đại học Cần Thơ |
|---|
| LEADER | 00609nam a2200205Ia 4500 | ||
|---|---|---|---|
| 001 | CTU_64972 | ||
| 008 | 210402s9999 xx 000 0 und d | ||
| 020 | |c 18000 | ||
| 082 | |a 616.12 | ||
| 082 | |b F852 | ||
| 100 | |a Fredrick, Dr. | ||
| 245 | 0 | |a Bạn cần làm gì khi mắc bệnh tim | |
| 245 | 0 | |c Dr. Fredrick | |
| 260 | |a Hà Nội | ||
| 260 | |b Y Học | ||
| 260 | |c 2004 | ||
| 650 | |a Heart,Cardiovascular system | ||
| 650 | |x Diseases,Diseases | ||
| 904 | |i TUYẾN,Hải sửa số pl 616.12/P277 thành 616.12/F852 | ||
| 980 | |a Trung tâm Học liệu Trường Đại học Cần Thơ | ||